Metsolat - Statistics

Yleistilastot
  • Tätä visaa on pelattu 68 kertaa
  • Keskiarvotulos 13 / 21
Vastaustilastot
Vastaus % Oikein
Erkki Metsola
100%
Antti Metsola
95%
Annikki Metsola
93%
Kari Kaukovaara
85%
Eeva Metsola
84%
Risto Metsola
84%
Heikki Metsola
82%
Helena Metsola
80%
Liisa Metsola
80%
Raija Metsola
71%
Jaana Järvenheimo
67%
Jaakko Järvenheimo
64%
Lasse Metsola
64%
Stig Eklund
62%
Osmo Lampinen
36%
Riitta Vanhanen
35%
Arvo Iivarinpoika Vanhanen
20%
Mauno Meriläinen
20%
Nils Eklund
16%
Maria Leppävaara
13%
Laila Heikkinen
9%
Ehtoja vastaavia visoja ei löytynyt
Tulosjakauma
Jokaisen tuloksen saaneiden osuus
Persentiili vastausten määrän mukaan
Tuloshistoriasi
Et ole pelannut tätä visaa